00701nam a22001817a 450000500170000000800410001702000220005805000180008010000380009824500950013625000230023126000340025430000380028850000530032650000240037950000890040365000270049220231102151645.0140410t20101993m a | |||| 00| 0 s d a978-968-24-4671-914aHG4028.C4 C671 aCORTAZAR MARTINEZ, Alfonso, autor00aIntroducción al análisis de proyectos de inversiónc / Alfonso Cortázar Martínez aprimera edición.3 aMéxicob : Trillasc , 2010 a96 páginas.b : ils.c ; 23 cm. aIncluye: índice de contenido y bibliografía. aReimpresión 2010. aEducación Mixta. Lic. en Contaduria / Auditoría administrativa / P25 / 09 00220614aINVERSIONES DE CAPITAL